00760nam a22002417a 450000500170000001000110001702000100002803500110003803700160004904000120006508200130007710000330009024500390012326000390016227000110020130000210021250000190023365000630025265000440031594200220035999900190038195201180040020170124110115.0 a404572 c00.00 a404572 bCen Lib/Ret aDPLbEN a921bSOR aSorensen, Theodore C.929912 aKennedy /cby Theodore C. Sorensen aLondonbHodder and Stoughtonc1965 bLondon a783p. c21cm(Hb) aIncludes index aKennedy, John F. -- (John Fitzgerald), -- 1917-1963927704 aUnited States -- History -- 1945929913 2ddccENh921mSOR c130712d130712 01104070aLbLd2015-07-10eCen Lib/Retg0.00l0o921 SORp404572r2015-07-10 00:00:00t1v0.00w2015-07-10yEN